Batman Villains - Statistics

General Stats
  • This quiz has been taken 92 times
    70 since last reset
  • The average score is 23 of 44
Answer Stats
Villains % Correct
The Joker
100%
Harley Quinn
94%
The Penguin
94%
Mr. Freeze
90%
Bane
88%
The Riddler
88%
Two-Face
88%
The Mad Hatter
87%
Poison Ivy
85%
The Scarecrow
85%
Catwoman
81%
Man-Bat
81%
Deathstroke
79%
Killer Croc
79%
Ra's al Ghul
79%
Deadshot
77%
Clayface
75%
Firefly
71%
Hush
71%
Talia al Ghul
71%
Black Mask
65%
Hugo Strange
65%
Victor Zsasz
65%
Killer Moth
62%
Professor Pyg
60%
Solomon Grundy
56%
The Ventriloquist
56%
The Court of Owls
37%
Talon
21%
Electrocutioner
17%
Maxie Zeus
17%
Deacon Blackfire
15%
Dollmaker
12%
Salvatore Maroni
12%
The Clock King
12%
Lock-Up
10%
The Phantasm
10%
Gentleman Ghost
8%
Holiday
6%
King Tut
6%
Red Claw
6%
Rupert Thorne
6%
Baby-Doll
4%
Sin Tzu
4%
No matching quizzes found
Score Distribution
Percent of People with Each Score
Percentile by Number Answered
Your Score History
You have not taken this quiz since the last reset